BIBLIOTHÈQUE DE LA MAISON DU MEXIQUE

Logo 1 Logo 2

Frida (notice nᵒ 6756)

détails MARC
000 -Sello discográfico
campo de control de longitud fija 00964nam a2200313 4500
005 - Identificación de versión
campo de control 20251016083005.0
010 ## - Número Estándar Internacional de Libros (ISBN)
Número (ISBN) 968-13-1684-3
099 ## - fechas locales
Tipo de ítem Koha LIBRO
100 ## - Datos de procesamiento general
Datos de procesamiento general 20230829d19901985m y1spay5003 ba
101 ## - Idioma del recurso
Idioma del texto, banda sonora, etc. Español; Castellano
Idioma de la obra original Inglés
105 ## - Campo de datos codificados: Material textual, monográfico
Datos codificados de monografía a 001zb
200 1# - Título y mención de responsabilidad
Título propio Frida
Designación general del material texto impreso
Otra información del título una biografía de Frida Kahlo
Primer mención de responsabilidad Hayden Herrera
Declaración de responsabilidad subsiguiente traducción Angelika Scherp
205 ## - Declaración de edición
Declaración de edición 8a impr de la 1a ed
210 ## - Publicación, distribución, etc.
Lugar de publicación, distribución, etc. México
Nombre del editor, distribuidor, etc. Editorial Diana
Fecha de publicación, distribución, etc. 1990
215 ## - Descripción física
Designación de material específico y extensión del ítem 440 p
Otras características físicas il.
Dimensiones 24 cm
300 ## - Notas generales
Texto de la nota Incluye bibliografía: p.367-371 e índice analítico y onomástico
345 ## - Nota de información de adquisición
Fuente de adquisición/dirección de la suscripción [OBSOLETO] Donación
454 #1 - Traducción de
Título Frida. A biography of Frida Kahlo
600 ## - Nombre personal usado como materia
Elemento de entrada Kahlo
Parte del nombre distinta del elemento de entrada Frida
Fechas 1907-1954
Número Koha 3347
660 ## - Código de área geográfica
Código MX
700 ## - Nombre personal - Responsabilidad primaria
Elemento de entrada Herrera
Parte del nombre distinta del elemento de entrada Hayden
Número Koha 3816
702 ## - Nombre personal - Responsabilidad secundaria
Elemento de entrada Scherp
Parte del nombre distinta del elemento de entrada Angelika
Número Koha 3818
801 #0 - Fuente de origen
País FR
Agencia cm
Reglas de catalogación (convenciones descriptivas) AFNOR
900 ## -
-- 1/22316
900 ## -
-- 7100417642\080104
942 ## - ELEMENTOS DE ENTRADA SECUNDARIOS (KOHA)
Tipo de ítem Koha Livre
996 ## -
-- MEX
-- 751145101
-- MMAG
-- 008423
-- 927 K12HE
-- 20230829LIV
Exemplaires
Estatus retirado Estado de daño Estado de pérdida Fecha de adquisición Biblioteca de origen Biblioteca actual Ubicación en estantería Código de barras Precio de reemplazo Signatura topográfica completa No para préstamo Tipo de ítem Koha Nota pública Nota no pública
      05/08/2025 Casa México Paris Casa México Paris   008423 05/08/2025 927 K12HE   Livre 20230829LIV 751145101